zpět

Detail výsledku týmu

Restaurace Kolosvět, Třeboň

Datum a čas kvízu

34.5 Celkem bodů Celkový počet nahraných bodů na tomto kvízu bez doplňovacích otázek.
4. Pořadí na kvízu Konečné umístění týmu na tomto kvízu.

Zaznamenané odpovědi

# Otázka Odpověď Body Výsledky
1. Minulý týden se satelitní sním... srdce 1
2. Minulý týden jsme se dozvěděli... Magnolia (magnólie) 1
3. V sobotu byly slavnostně vyhlá... Vladimír Mišík, Kateřina Marie Tichá 0.5
4. Evropská komise udělila pokut... Mercedes-Benz 1
5. Atmosféra mezi istanbulskými k... José Mourinho 1
6. Miminkovské téma začněme u pro... D 0
7. Nejen lidská miminka se rodí s... mázek 1
8. Ihned na první návštěvě u pedi... vitamín D 1
9. Pro klidný spánek miminka může... bílý šum 0
10. Ve které síti supermarketů a h... Tesco 1